| 000 | 00373nam a2200157Ia 4500 | ||
|---|---|---|---|
| 008 | 221030s9999 xx 000 0 und d | ||
| 020 | _a8170082404 | ||
| 041 | _aEnglish | ||
| 082 |
_a105.23 _bSmi |
||
| 100 | _aJ. Smiley | ||
| 245 | 0 | _aLearn to Programme Visual Basic | |
| 260 |
_bFirewall Media _aNew Delhi _c2003 |
||
| 300 | _a2001 | ||
| 650 | _aComputers | ||
| 942 | _cBK | ||
| 999 |
_c8709 _d8709 |
||